Strednodobá prognóza slovenského trhu práce do roku 2026 s dôrazom na štruktúru povolaní
Výsledky aktualizácie štruktúrnej prognózy slovenského trhu práce na najbližších 10 rokov prostredníctvom dynamicko‐rekurzívneho modelu CGE. Aplikovaný model umožňuje vytvoriť relatívne detailnú štruktúru projekcie v členení na 64 sektorov a 9 povolaní.
Gespeichert in:
| 1. Verfasser: | |
|---|---|
| Weitere Verfasser: | , |
| Format: | Buchkapitel |
| Sprache: | Slowakisch |
| Schlagworte: | |
| Tags: |
Keine Tags, Fügen Sie das erste Tag hinzu!
|
MARC
| LEADER | 00000naa a2200000 4500 | ||
|---|---|---|---|
| 001 | 0240680 | ||
| 005 | 20220426101938.5 | ||
| 041 | 0 | |a slo | |
| 044 | |a SK | ||
| 245 | 1 | 0 | |a Strednodobá prognóza slovenského trhu práce do roku 2026 s dôrazom na štruktúru povolaní |c Marek Radvanský, Tomáš Miklošovič, Ivan Lichner |
| 520 | |a Výsledky aktualizácie štruktúrnej prognózy slovenského trhu práce na najbližších 10 rokov prostredníctvom dynamicko‐rekurzívneho modelu CGE. Aplikovaný model umožňuje vytvoriť relatívne detailnú štruktúru projekcie v členení na 64 sektorov a 9 povolaní. | ||
| 610 | 2 | 0 | |a prognózy |
| 610 | 2 | 0 | |a trh práce |
| 610 | 2 | 0 | |a Slovensko |
| 610 | 2 | 0 | |a modely ekonomicko-matematické |
| 100 | 1 | |a Radvanský, Marek | |
| 700 | 1 | |a Miklošovič, Tomáš | |
| 700 | 1 | |a Lichner, Ivan | |